Statistics for UNC System Schools

Click here to take the quiz!

General Stats

  • This quiz has been taken 17 times
  • The average score is 11 of 17

Answer Stats

HintAnswer% Correct
Univ.UNC-Chapel Hill
100%
Univ.UNC Asheville
92%
Univ.UNC Charlotte
92%
Univ.Appalachian State University
77%
Univ.North Carolina State University
77%
Univ.UNC Greensboro
77%
Univ.UNC Wilmington
77%
Univ.Winston-Salem State University
77%
Univ.East Carolina University
62%
Univ.UNC Pembroke
62%
Univ.Western Carolina University
54%
Univ.Fayetteville State University
46%
Univ.North Carolina A&T State University
46%
Univ.North Carolina Central University
46%
High SchoolNorth Carolina School of Science and Mathematics
38%
Univ./High SchoolUNC School of the Arts
31%
Univ.Elizabeth City State University
15%

Score Distribution

Percentile by Number Answered

Percent of People with Each Score

Your Score History

You have not taken this quiz